000 01259nam a2200253Ia 4500
001 10756
003 GE_BSU
008 181216s||||||||xx |||||||||||||| ||und||
020 _a9789941107863
040 _cGE_BSU
080 _a343(075)+343(479.22)
100 _aდვალიძე,ირაკლი
245 _aსისხლის სამართლის ზოგადი ნაწილი
245 _bსასჯელი და დანაშაულის სხვა სისხლის სამართლებრივი შედეგები.
245 _cრედ:გურამ ნაჭყებია; ლავრენტი მაღლაკელიძე.
260 _aთბილისი
260 _bმერიდიანი
260 _c2013
300 _a268გვ;20სმ.
300 _eბიბლიოგრაფია ტექსტის შენიშვნები.
541 _h20ლ.30თ.
653 _aსისხლის სამართლის ზოგადი ნაწილი:სასჯელი და დანაშაულის სხვა სისხლისსამართლებრივი შედეგები.
942 _cBK
999 _c44006
_d44006